Statistics for Персонажи Дисней по Картинке

Click here to take the quiz!

General Stats

  • This quiz has been taken 1 847 times
  • The average score is 16 of 20

Answer Stats

Answer% Correct
Микки Маус
96%
Золушка
95%
Ариэль
95%
Винни-Пух
91%
Эльза
91%
Рапунцель
91%
Джинн
90%
Стич
85%
Дональд Дак
84%
Моана
83%
Анна
81%
Минни Маус
81%
Тимон
79%
Симба
77%
Бэмби
75%
Белль
74%
Динь-Динь
71%
Скрудж МакДак
66%
Стервелла де Виль
66%
Аврора
61%

Score Distribution

Percentile by Number Answered

Percent of People with Each Score

Your Score History

You have not taken this quiz